Quizzes
Events
Quiz Creation
Community
Videos
Private Events
Remove Ads
Sign In
Join for FREE
Feedback
Dark Mode
Quiz Categories
Sports
Geography
Music
Movies
Television
Just For Fun
Miscellaneous
History
Literature
Language
Science
Gaming
Entertainment
Religion
Holiday
For Kids
Quiz Lab
Recent
Popular Today
Quiz Kudos Today
Editor Picks
Curator Picks
Quizzes by...
Day
Popularity
Type
Ratings
Length
Year
Community
Subscriptions
Recent Discussions
Orange Saloon
Badges
Playlists
Quests
Create
Leaderboards
Showdown
Live 5
Trivia Bingo
Activity
Puzzle Library
Sporcle Events
Private Events
Virtual Trivia
Globe League
Become a Host
Pub Owners
SporcleCon
Opinionation
Our Games
Videos
Blog
Mobile Apps
Partnerships
Remove Ads and Go Orange
Feedback
Sports
Athletes
MLB
NBA
NHL
NFL
Soccer
Sports Teams
WWE
NCAA
Football
Premier League
Basketball
Baseball
Hockey
Golf
Tennis
Cricket
Rugby
Auto Racing
Olympics
World Cup
Sports
Athletes
MLB
NBA
NHL
NFL
Soccer
Sports Teams
WWE
NCAA
Football
Premier League
Basketball
Baseball
Hockey
Golf
Tennis
Cricket
Rugby
Auto Racing
Olympics
World Cup
Random Quiz
Search Sporcle
×
Quiz Lab
Quiz Lab
Sports
Collingwood
Type in answers that appear in a list
Type in answers that appear in a list
Classic
Best Score? Go Orange.
AFL Norm Smith Medalists (1979-2022) Stats
Can you name all the AFL Norm Smith Medalists (1979-2022)?
By
Lil_Foggy
10m
45 Questions
1,607 Plays
1,607 Plays
1,607 Plays
Comments
Comments
Give Quiz Kudos
Give Quiz Kudos
-
- Ratings
hide this ad
More Info
Replay
Link that replays current quiz
Next Quiz
Link to next quiz in quiz playlist
You Got
0%
They Got
Avg Score
61%
Avg Friend Score
Upgrade to see
Score Distribution
Jump to the score distribution portion of the page
Score
0/45
Timer
10:00
0
Plays Today
Year
Player
% Correct
2020
Dustin Martin
96.6%
2017
Dustin Martin
96.4%
2019
Dustin Martin
96.4%
2008
Luke Hodge
93.3%
2014
Luke Hodge
93.3%
2021
Christian Petracca
91.8%
2018
Luke Shuey
90.6%
2022
Isaac Smith
90%
2015
Cyril Rioli
87.8%
1982*
Maurice Rioli
86.4%
2005*
Chris Judd
84.2%
2010 (Replay)
Scott Pendlebury
84%
2002*
Nathan Buckley
82.7%
2003
Simon Black
82.6%
1989*
Gary Ablett Sr.
81.6%
2011
Jimmy Bartel
81.5%
2010
Lenny Hayes
81.1%
2013
Brian Lake
79.7%
2000
James Hird
79.5%
2016
Jason Johannisen
74.2%
2009
Paul Chapman
73.1%
2007
Steve Johnson
73%
1997
Andrew McLeod
68.7%
Year
Player
% Correct
1998
Andrew McLeod
68.7%
2012
Ryan O'Keefe
67.1%
2004
Byron Pickett
61.6%
2006
Andrew Embley
61%
1995
Greg Williams
55.5%
1996
Glenn Archer
54.3%
1990
Tony Shaw
53.5%
2001
Shaun Hart
51%
1993
Michael Long
49.7%
1980
Kevin Bartlett
47.9%
1992
Peter Matera
46.9%
1986
Gary Ayres
42%
1988
Gary Ayres
42%
1999
Shannon Grant
41.4%
1979
Wayne Harmes
35.6%
1994
Dean Kemp
34.8%
1991
Paul Dear
30.4%
1985
Simon Madden
30.1%
1987
David Rhys-Jones
24.7%
1984
Billy Duckworth
22.6%
1983
Colin Robertson
16.8%
1981
Bruce Duoll
14.6%
Quiz Playlist
Details
Report
Send in Message
Add To Playlist
More Info:
Can you name all the AFL Norm Smith Medalists (1979-2020)? NOTE: Answers with an * mean the player was on the losing side
Classic:
Type in answers that appear in a list
Last Updated: Sep 28, 2022
Quiz Scoreboard
CHALLENGE
Sign Up to Join the Scoreboard
Show All
Scores
Hide
Comments
May contain spoilers
Recently Published
Popular People in 1961
by mucciniale
History
6m
1-10 Letter E Words III
by El_Dandy
Language
2m
One Thing in Common: World Cities II
by knightlancer
Geography
7m
More to Explore
Quiz From the Vault
Featured Blog Post
Where Did the Easter Bunny Come From?
hide this ad
You Might Also Like...
Tags
AFL
AFL Championship
AFL Premiership
carlton
Collingwood
Fairest Winners
Norm Smith
richmond
West Coast
Today's Top Quizzes in Sports
Browse Sports
hide this ad
Top Contributed Quizzes in Sports
1
Les meilleurs buteurs des matchs entre le PSG et l’OM
2
Les entraîneurs de l'OM et du PSG au 21e siècle
3
2022 World Cup Stars
4
FIFA Club World Cup Champions
5
Name the Premier League winners with different clubs
6
La finale Lions - Afrique du Sud 2021
7
Criteria MLB: Left Handed Sluggers
8
Players with Multiple 50 Home Run Seasons
9
MLB Players with Two .350 Batting Average Seasons
10
MLB Hall of Famer by Rings
Explore More
Trending Topics
Harry Potter
Kpop
Anime
Disney
Crossword
NBA
Marvel
Pokémon
Puzzle
Soccer
The Office
Country
NFL
Song
WWE
hide this ad
More By:
Lil_Foggy
Quiz
Plays
Rating
Category
Featured
Created
AFL Coleman Medalists (2000-2022)
2,150
3.40
Sports
Jun 5, 2019
AFL Norm Smith Medalists (1979-2022)
1,607
2.80
Sports
Sep 30, 2019
Top 25 All Time AFL Brownlow Medal Career Totals
815
3.67
Sports
Jun 18, 2019
AFL Grand Final Losers 1990-2022
393
5.00
Sports
Sep 14, 2020
AFL Rising Star Award Winners (1993-2022)
374
3.33
Sports
Jun 5, 2019
Go to Creator's Profile
Score Distribution
Quiz Creator Spotlight
Lil_Foggy
Follow
Send a Message
Quizzes Created
-
Created Quiz Play Count
-
More By This Creator
Popular Quizzes Today
1
Find the US States - No Outlines Minefield
2
The Countries of the World
3
Find the Countries of Europe - No Outlines Minefield
4
Popular People in 1961
5
1-10 Letter E Words III
6
Find the US States
7
One Thing in Common: World Cities II
8
US States
More Sports Quizzes
NFL Player Resume by Logo III
Published
Trending Quizzes
Risky Map Clicking: Least Populous States A-Z
1-10 Letter F Words
1-10 Letter G Words
One Thing in Common: United Kingdom
Risky Map Clicking: Next State Alphabetically
Recently Updated
Leaping Animals
pecheneg
Reality TV Shows (A-Z)
bhenderson79
Rickey Henderson's Hall of Fame Teammates
pecheneg
Champions League XIs: Arsenal
pecheneg
Quick Pick: Celebrities in WWE's Hall of Fame
aduchscher
A-Z Keypad Blitz II
pecheneg
Multiple Oscar Actors
pecheneg
Mystery Phrase Blitz: Oscar 'Best Actors'
pecheneg
F. Scott Fitzgerald Novels
LTH
Pick 3 Villains
ddd62291
Trending Topics
NBA
Crossword
Disney
Marvel
Kpop
Harry Potter
Anime
NFL
WWE
Puzzle
Country
The Office
Pokémon
Song
Soccer
Your Account Isn't Verified!
In order to create a playlist on Sporcle, you need to verify the email address you used during registration. Go to your
Sporcle Settings
to finish the process.
Report this User
Report this user for behavior that violates our
Community Guidelines
.
Details:
Send Report
Go to the Sporcle.com Mobile Site →
Comments